| 000 -LEADER |
| fixed length control field |
00282nam a2200121Ia 4500 |
| 008 - FIXED-LENGTH DATA ELEMENTS--GENERAL INFORMATION |
| fixed length control field |
190902s9999||||xx |||||||||||||| ||und|| |
| 020 ## - INTERNATIONAL STANDARD BOOK NUMBER |
| International Standard Book Number |
0074-71-330-2 |
| 100 ## - MAIN ENTRY--PERSONAL NAME |
| Personal name |
Darrel Bristow |
| 245 #0 - TITLE STATEMENT |
| Title |
I Moved Your Cheese |
| 260 ## - PUBLICATION, DISTRIBUTION, ETC. (IMPRINT) |
| Place of publication, distribution, etc |
UK |
| Name of publisher, distributor, etc |
Prentice Hall |
| Date of publication, distribution, etc |
2002 |
| 300 ## - PHYSICAL DESCRIPTION |
| Extent |
96 |
| 942 ## - ADDED ENTRY ELEMENTS (KOHA) |
| Koha item type |
Books |